Busiest Indian Airports quiz - Statistics

General Stats
  • This quiz has been taken 64 times
  • The average score is 12 of 20
Answer Stats
# City % Correct
6.73 cr Delhi
100%
4.58 cr Mumbai
100%
2.22 cr Chennai
92%
2.20 cr Kolkata
90%
2.16 cr Hyderabad
86%
1.14 cr Ahmedabad
69%
0.80 cr Pune
69%
0.54 cr Lucknow
63%
0.50 cr Jaipur
59%
0.83 cr Goa
57%
0.96 cr Kochi
57%
0.39 cr Thiruvananthapuram
53%
0.45 cr Patna
47%
0.31 cr Nagpur
45%
0.36 cr Bhubaneswar
37%
0.55 cr Guwahati
35%
0.32 cr Kozhikode
33%
0.30 cr Varanasi
27%
3.23 cr Bangaluru
24%
0.32 cr Siliguri
12%
No matching quizzes found
Score Distribution
Percent of People with Each Score
Percentile by Number Answered
Your Score History
You have not taken this quiz